[Event "ROM-ch blitz (Women)"]
[Site "Bucharest"]
[Date "2022.03.13"]
[Round "3"]
[White "Anghel, Maria"]
[Black "Anusca, Madalina Maria"]
[Result "1-0"]
[WhiteElo "1535"]
[BlackElo "2011"]
[PlyCount "47"]
[EventDate "2022.03.13"]
[EventType "swiss (blitz)"]
[EventRounds "9"]
[EventCountry "ROU"]
[SourceTitle "EXT 2023"]
[Source "ChessBase"]
[SourceDate "2022.10.05"]
[SourceVersion "1"]
[SourceVersionDate "2022.10.05"]
[SourceQuality "1"]

1. d4 d5 2. c4 dxc4 3. Nf3 Nc6 4. e3 Na5 5. Ne5 Be6 6. Bd2 c6 7. Qa4 b6 8. Bxa5 bxa5 9. Qxc6+ Bd7 10. Nxd7 Qc8 11. Nf6+ Kd8 12. Qd5+ Kc7 13. Qxc4+ Kb7 14. Qb5+ Kc7 15. Nd5+ Kd8 16. Nbc3 e6 17. Qxa5+ Kd7 18. Bb5+ Kd6 19. Nb4 Nf6 20. Nd3 Be7 21. e4 Bd8 22. e5+ Ke7 23. exf6+ gxf6 24. Qb4+ 1-0

[Event "ROM-ch Rapid (Women)"]
[Site "Bucharest"]
[Date "2022.03.12"]
[Round "8"]
[White "Anusca, Madalina Maria"]
[Black "Peptan, Corina Isabela"]
[Result "0-1"]
[WhiteElo "2003"]
[BlackElo "2384"]
[PlyCount "78"]
[EventDate "2022.03.11"]
[EventType "swiss (rapid)"]
[EventRounds "9"]
[EventCountry "ROU"]
[SourceTitle "CBM 207 Extra"]
[Source "ChessBase"]
[SourceDate "2022.05.31"]
[SourceVersion "1"]
[SourceVersionDate "2022.05.31"]
[SourceQuality "1"]

1. d4 Nf6 2. Nf3 e6 3. e3 b6 4. Bd3 Bb7 5. 0-0 c5 6. b3 d6 7. Bb2 Nbd7 8. c4 Be7 9. Nc3 cxd4 10. exd4 d5 11. Re1 0-0 12. Rc1 Rc8 13. Qe2 Re8 14. Ne5 Bf8 15. cxd5 Nxe5 16. dxe5 Nxd5 17. Nxd5 Qxd5 18. Be4 Qxe4 19. Qxe4 Bxe4 20. Rxe4 Rxc1+ 21. Bxc1 Rd8 22. Kf1 Rd1+ 23. Re1 Rd5 24. f4 Bb4 25. Re4 Rd1+ 26. Ke2 Rxc1 27. Rxb4 Rc2+ 28. Kd3 Rxa2 29. Ra4 Rxa4 30. bxa4 f6 31. Kc4 a6 32. f5 Kf7 33. exf6 Kxf6 34. fxe6 Kxe6 35. h3 Kd6 36. Kb4 Kc6 37. g4 g5 38. Kc4 b5+ 39. Kb4 Kd5 0-1

[Event "ROM-ch Rapid (Women)"]
[Site "Bucharest"]
[Date "2022.03.12"]
[Round "7"]
[White "Bucur, Denisa Andreea"]
[Black "Anusca, Madalina Maria"]
[Result "0-1"]
[WhiteElo "2023"]
[BlackElo "2003"]
[PlyCount "146"]
[EventDate "2022.03.11"]
[EventType "swiss (rapid)"]
[EventRounds "9"]
[EventCountry "ROU"]
[SourceTitle "CBM 207 Extra"]
[Source "ChessBase"]
[SourceDate "2022.05.31"]
[SourceVersion "1"]
[SourceVersionDate "2022.05.31"]
[SourceQuality "1"]

1. d4 Nf6 2. Nf3 d5 3. c4 e6 4. Nc3 c6 5. e3 Nbd7 6. Bd3 Bd6 7. 0-0 0-0 8. e4 dxe4 9. Nxe4 Nxe4 10. Bxe4 Nf6 11. Bc2 h6 12. Ne5 c5 13. Qd3 cxd4 14. Qxd4 Qc7 15. Nf3 b5 16. Bxh6 e5 17. Qh4 Qxc4 18. Qxc4 bxc4 19. Rad1 Bc5 20. Bg5 Rb8 21. b3 e4 22. Nd2 cxb3 23. Nxb3 Bb4 24. Bxf6 gxf6 25. Bxe4 Re8 26. Bd3 Be6 27. Rc1 a5 28. Bb1 Rbd8 29. h3 Kg7 30. Nc5 Bc8 31. Nd3 Bd6 32. Rfe1 Rg8 33. Rc4 Kf8 34. Kh1 Ba6 35. Rc6 Bb7 36. Rec1 Bxc6 37. Rxc6 Ke7 38. Ra6 Ra8 39. Rxa8 Rxa8 40. g3 Rd8 41. Kg2 Ke6 42. h4 Kd5 43. Kf3 a4 44. Bc2 Kd4 45. Nf4 Bxf4 46. Kxf4 Ra8 47. Kf5 Kc3 48. Be4 Ra5+ 49. Kxf6 Kb2 50. Kxf7 Kxa2 51. g4 a3 52. Bf5 Rxf5+ 53. gxf5 Kb3 54. Kg8 a2 55. f6 a1Q 56. f7 Qg1+ 57. Kf8 Qg4 58. Ke8 Qe6+ 59. Kf8 Kc4 60. Kg7 Qg4+ 61. Kf8 Kd5 62. Ke7 Qxh4+ 63. Ke8 Qh5 64. Ke7 Qh7 65. f4 Qe4+ 66. Kd8 Qf5 67. Ke7 Qe6+ 68. Kf8 Qh6+ 69. Kg8 Qg6+ 70. Kf8 Ke6 71. f5+ Kxf5 72. Ke7 Qe6+ 73. Kf8 Kg6 0-1

[Event "Titled Tuesday intern op 05th Oct"]
[Site "Chess.com INT"]
[Date "2021.10.05"]
[Round "3"]
[White "Anusca, Madalina Maria"]
[Black "Sala, Giulia"]
[Result "1/2-1/2"]
[WhiteElo "2003"]
[BlackElo "1921"]
[PlyCount "73"]
[EventDate "2021.10.05"]
[EventType "swiss (blitz)"]
[EventRounds "11"]
[EventCountry "USA"]
[SourceTitle "CBM 204 Extra"]
[Source "ChessBase"]
[SourceDate "2021.11.30"]
[SourceVersion "1"]
[SourceVersionDate "2021.11.30"]
[SourceQuality "1"]

1. e4 b6 2. d4 Bb7 3. e5 d6 4. exd6 Qxd6 5. Nf3 g6 6. Bc4 Bg7 7. c3 Nf6 8. 0-0 0-0 9. Re1 Rd8 10. Bb3 c5 11. dxc5 Qxd1 12. Rxd1 Rxd1+ 13. Bxd1 bxc5 14. Be3 Nbd7 15. Be2 Rd8 16. Nbd2 e5 17. Nc4 e4 18. Nfe5 Nxe5 19. Nxe5 Nd5 20. Nc4 Nxe3 21. fxe3 Bh6 22. Kf2 Ba6 23. b3 Kf8 24. Rd1 Rxd1 25. Bxd1 Bxc4 26. bxc4 Bg7 27. Ba4 Bxc3 28. Bc6 f5 29. Bd5 Kg7 30. h3 g5 31. g4 Kf6 32. Bg8 h6 33. Bh7 fxg4 34. hxg4 Ke5 35. Bf5 Bd2 36. Bc8 Bc3 37. Ke2 1/2-1/2

[Event "Titled Tuesday intern op 05th Oct"]
[Site "Chess.com INT"]
[Date "2021.10.05"]
[Round "5"]
[White "Mikhnenko, Alexander"]
[Black "Anusca, Madalina Maria"]
[Result "1/2-1/2"]
[WhiteElo "2135"]
[BlackElo "2003"]
[PlyCount "156"]
[EventDate "2021.10.05"]
[EventType "swiss (blitz)"]
[EventRounds "11"]
[EventCountry "USA"]
[SourceTitle "CBM 204 Extra"]
[Source "ChessBase"]
[SourceDate "2021.11.30"]
[SourceVersion "1"]
[SourceVersionDate "2021.11.30"]
[SourceQuality "1"]

1. e4 c5 2. Nf3 Nc6 3. d4 cxd4 4. Nxd4 Nf6 5. Nc3 e5 6. Ndb5 d6 7. Bg5 a6 8. Na3 b5 9. Nd5 Be7 10. Bxf6 Bxf6 11. c3 0-0 12. g3 Bg5 13. h4 Bh6 14. Bg2 Rb8 15. Nc2 f5 16. exf5 Bxf5 17. Nce3 Be6 18. 0-0 Ne7 19. Nxe7+ Qxe7 20. Nd5 Bxd5 21. Qxd5+ Kh8 22. Rad1 Rf6 23. Be4 Rbf8 24. Bc2 g6 25. b3 R8f7 26. c4 bxc4 27. bxc4 Qf8 28. Qg2 Qc8 29. Be4 Qc5 30. Bd5 Rf8 31. g4 Rf4 32. Rd3 Bg7 33. Rh3 Qd4 34. Rg3 Qc5 35. h5 g5 36. Rb3 Qd4 37. Rg3 h6 38. a4 a5 39. Be6 R8f6 40. Bf5 Qxc4 41. Qa8+ Rf8 42. Qxa5 Qxa4 43. Qc7 Qb4 44. Qd7 d5 45. Qxd5 Qd4 46. Qe6 R4xf5 47. gxf5 e4 48. Re3 Qb4 49. Rxe4 Qd2 50. Qg6 Qd3 51. Rg4 Qh3 52. Rg2 Qxf5 53. Qxf5 Rxf5 54. f4 Kg8 55. fxg5 Rxf1+ 56. Kxf1 hxg5 57. Rxg5 Kf7 58. Ra5 Kf6 59. Kg2 Bh6 60. Kf3 Bg5 61. Kg4 Bd2 62. Ra6+ Kg7 63. Kf5 Kh7 64. Rc6 Be3 65. Re6 Bd2 66. Re7+ Kh6 67. Kg4 Bc1 68. Re6+ Kh7 69. Rg6 Bb2 70. Kf5 Bc1 71. Ke6 Bb2 72. Kf7 Bc3 73. Rc6 Bd4 74. Re6 Bc3 75. Re8 Kh6 76. Rh8+ Bxh8 77. Kg8 Ba1 78. Kf7 Kxh5 1/2-1/2

[Event "Titled Tuesday intern op 05th Oct"]
[Site "Chess.com INT"]
[Date "2021.10.05"]
[Round "7"]
[White "Shapiro, Daniel E"]
[Black "Anusca, Madalina Maria"]
[Result "1/2-1/2"]
[WhiteElo "2284"]
[BlackElo "2003"]
[PlyCount "173"]
[EventDate "2021.10.05"]
[EventType "swiss (blitz)"]
[EventRounds "11"]
[EventCountry "USA"]
[SourceTitle "CBM 204 Extra"]
[Source "ChessBase"]
[SourceDate "2021.11.30"]
[SourceVersion "1"]
[SourceVersionDate "2021.11.30"]
[SourceQuality "1"]

1. d4 d5 2. c4 e6 3. Nf3 c5 4. cxd5 exd5 5. g3 Nc6 6. Bg2 Nf6 7. Nc3 c4 8. Ne5 Be7 9. 0-0 0-0 10. Be3 Qc7 11. f4 Be6 12. f5 Bc8 13. Nxd5 Nxd5 14. Bxd5 Nxe5 15. dxe5 Qxe5 16. Qd4 Bf6 17. Qxe5 Bxe5 18. Rab1 Bd7 19. Bxc4 b6 20. Rbd1 Bc6 21. b3 Rad8 22. Kf2 Be4 23. Rxd8 Rxd8 24. Kg1 Kf8 25. Bf4 Bd4+ 26. e3 Bc5 27. g4 f6 28. h3 Rd2 29. Rf2 Rd1+ 30. Rf1 Rd2 31. Rf2 Rd1+ 32. Kh2 Rh1+ 33. Kg3 Rg1+ 34. Kh2 Rh1+ 35. Kg3 Rg1+ 36. Kh4 g5+ 37. fxg6 hxg6 38. g5 fxg5+ 39. Bxg5+ Kg7 40. Bf6+ Kh7 41. Bg5 Rxg5 42. Kxg5 Bxe3+ 43. Rf4 Bxf4+ 44. Kxf4 Bf5 45. h4 Kh6 46. Bd5 Kh5 47. Kg3 Bb1 48. Bf3+ Kh6 49. a3 Bc2 50. Bd5 a5 51. b4 axb4 52. axb4 Kh5 53. Bf3+ Kh6 54. Kf4 Bd3 55. Ke3 Bc4 56. Kd4 Bf1 57. Bg4 g5 58. hxg5+ Kxg5 59. Bd7 Kf6 60. Kd5 Ke7 61. Ba4 Kd8 62. Bc2 Kc7 63. Be4 Be2 64. Kd4 Bf1 65. Bf5 Bg2 66. Bd3 Kd6 67. Bc4 Bf3 68. Bd3 Bd5 69. Be2 Bb3 70. Bd3 Ba4 71. Be2 Bc6 72. Bd3 Bd7 73. Be2 Be6 74. Bd3 Kc6 75. Be2 Kb7 76. Bd3 Bd7 77. Be2 Kc7 78. Bd3 Kd6 79. Be2 Bf5 80. Bd3 Bxd3 81. Kxd3 Kd5 82. Kc3 b5 83. Kd3 Ke5 84. Ke3 Kd5 85. Kd3 Ke5 86. Ke3 Kd5 87. Kd3 1/2-1/2

[Event "Speed Chess GP2"]
[Site "Chess.com INT"]
[Date "2021.09.25"]
[Round "10"]
[White "Anusca, Madalina Maria"]
[Black "Matveeva, Olga"]
[Result "0-1"]
[WhiteElo "2003"]
[BlackElo "2145"]
[PlyCount "76"]
[EventDate "2021.09.25"]
[EventType "swiss (blitz)"]
[EventRounds "10"]
[EventCountry "USA"]
[SourceTitle "CBM 204 Extra"]
[Source "ChessBase"]
[SourceDate "2021.11.30"]
[SourceVersion "1"]
[SourceVersionDate "2021.11.30"]
[SourceQuality "1"]

1. e4 e6 2. d4 d5 3. e5 c5 4. c3 Qb6 5. Nf3 Nc6 6. Nbd2 Bd7 7. Nb3 cxd4 8. Nbxd4 a6 9. Nxc6 Bxc6 10. Nd4 Ne7 11. Bd3 Ng6 12. Bxg6 hxg6 13. 0-0 Be7 14. Qg4 Rh4 15. Qd1 0-0-0 16. g3 Rh3 17. f4 Rdh8 18. Rf2 Bc5 19. Be3 Bb5 20. b4 Bxd4 21. Bxd4 Qc6 22. a4 Bc4 23. b5 axb5 24. axb5 Qxb5 25. Ra8+ Kd7 26. Rxh8 Rxh8 27. Qc1 Ra8 28. Rb2 Qc6 29. Rb6 Qc8 30. Qb1 Ba6 31. Qb4 Qc7 32. Qa4+ Ke7 33. Qb4+ Ke8 34. Kf2 Rc8 35. Qa4+ Kf8 36. Qb4+ Kg8 37. Kg2 Qc4 38. Qe7 Qf1# 0-1

[Event "Speed Chess GP2"]
[Site "Chess.com INT"]
[Date "2021.09.25"]
[Round "9"]
[White "Anusca, Madalina Maria"]
[Black "Obad, Andrija"]
[Result "0-1"]
[WhiteElo "2003"]
[BlackElo "2221"]
[PlyCount "130"]
[EventDate "2021.09.25"]
[EventType "swiss (blitz)"]
[EventRounds "10"]
[EventCountry "USA"]
[SourceTitle "CBM 204 Extra"]
[Source "ChessBase"]
[SourceDate "2021.11.30"]
[SourceVersion "1"]
[SourceVersionDate "2021.11.30"]
[SourceQuality "1"]

1. e4 c5 2. Nf3 d6 3. d4 cxd4 4. Nxd4 Nf6 5. Nc3 g6 6. Bc4 Bg7 7. Be3 0-0 8. 0-0 Nc6 9. Bb3 Bg4 10. f3 Bd7 11. Bf2 a6 12. Nce2 Rc8 13. c3 Na5 14. Bc2 Qc7 15. Nb3 Nc4 16. Rb1 Rfd8 17. Nd2 Be6 18. Nxc4 Bxc4 19. Bb3 d5 20. Bxc4 Qxc4 21. b3 Qc7 22. exd5 Nxd5 23. c4 Ne3 24. Bxe3 Rxd1 25. Rfxd1 Be5 26. f4 Bf6 27. Ng3 Rd8 28. Ne4 Bg7 29. Nf2 e5 30. fxe5 Bxe5 31. g3 h5 32. Nd3 Bg7 33. Bf4 Qb6+ 34. Nf2 Rxd1+ 35. Rxd1 Bd4 36. Rd2 Qc5 37. Kg2 Qc6+ 38. Kf1 Bc3 39. Rd3 Bf6 40. Rd2 Kg7 41. Re2 Qf3 42. Re3 Qc6 43. Re2 b5 44. cxb5 axb5 45. Ne4 Bd4 46. Nf2 b4 47. Rd2 Bc3 48. Rc2 Qd5 49. Kg1 Qf5 50. Re2 h4 51. Kf1 hxg3 52. hxg3 Qb1+ 53. Kg2 Qf5 54. Ne4 Qd5 55. Kf2 Ba1 56. Nd2 Qc5+ 57. Be3 Qf5+ 58. Nf3 Qh3 59. Bd4+ Bxd4+ 60. Nxd4 Qh2+ 61. Kf3 Qh1+ 62. Ke3 Qg1+ 63. Kf3 Qxd4 64. Re4 Qc3+ 65. Kg4 f5+ 0-1

[Event "Speed Chess GP1"]
[Site "Chess.com INT"]
[Date "2021.09.18"]
[Round "10"]
[White "Kujawski, Adam"]
[Black "Anusca, Madalina Maria"]
[Result "1-0"]
[WhiteElo "2239"]
[BlackElo "2003"]
[PlyCount "51"]
[EventDate "2021.09.18"]
[EventType "swiss (blitz)"]
[EventRounds "10"]
[EventCountry "USA"]
[SourceTitle "CBM 204 Extra"]
[Source "ChessBase"]
[SourceDate "2021.11.30"]
[SourceVersion "1"]
[SourceVersionDate "2021.11.30"]
[SourceQuality "1"]

1. e4 c5 2. Nf3 Nc6 3. Nc3 d6 4. d4 cxd4 5. Nxd4 Nf6 6. Bg5 e5 7. Nf5 h6 8. Bxf6 Qxf6 9. Nd5 Qd8 10. Nfe3 Be7 11. c3 0-0 12. Bc4 a6 13. 0-0 b5 14. Bb3 Be6 15. a4 Na5 16. axb5 Nxb3 17. Qxb3 axb5 18. Rxa8 Qxa8 19. Nxe7+ Kh7 20. N7d5 Qc6 21. Rd1 Ra8 22. f3 Qc5 23. Qb4 Qa7 24. Kf2 Bxd5 25. Rxd5 Qa2 26. Rxd6 1-0

[Event "Speed Chess GP1"]
[Site "Chess.com INT"]
[Date "2021.09.18"]
[Round "1"]
[White "Tatarinov, Dmitry"]
[Black "Anusca, Madalina Maria"]
[Result "1-0"]
[WhiteElo "2320"]
[BlackElo "2003"]
[PlyCount "92"]
[EventDate "2021.09.18"]
[EventType "swiss (blitz)"]
[EventRounds "10"]
[EventCountry "USA"]
[SourceTitle "CBM 204 Extra"]
[Source "ChessBase"]
[SourceDate "2021.11.30"]
[SourceVersion "1"]
[SourceVersionDate "2021.11.30"]
[SourceQuality "1"]

1. d4 d5 2. Nf3 Nf6 3. c4 e6 4. Nc3 c5 5. cxd5 exd5 6. Bg5 Nc6 7. e3 Be7 8. dxc5 Bxc5 9. Be2 0-0 10. 0-0 d4 11. Na4 Bb6 12. Nxb6 Qxb6 13. Nxd4 Nxd4 14. Qxd4 Qxd4 15. exd4 Ne4 16. Bf4 Bf5 17. Rac1 Rad8 18. Rc7 Rxd4 19. Rxb7 Nd6 20. Rxa7 Rxf4 21. a3 Re4 22. Bf3 Rd4 23. b4 Nb5 24. Ra5 Rfd8 25. Rxb5 Bd3 26. Ra5 Bxf1 27. Kxf1 Rc4 28. Ke2 Rc2+ 29. Ke3 Rc3+ 30. Kf4 f6 31. h4 h6 32. h5 Rc4+ 33. Kg3 Rc3 34. b5 Rb8 35. a4 Ra3 36. Ra6 Kf7 37. b6 Ke7 38. a5 Kd6 39. Ra7 g5 40. hxg6 Rg8 41. g7 f5 42. a6 Kc5 43. b7 Rxg7+ 44. Kh2 Kb6 45. b8Q+ Ka5 46. Rxg7 Kxa6 1-0

[Event "Morzine op"]
[Site "Morzine"]
[Date "2014.07.17"]
[Round "8"]
[White "Anusca, Madalina Maria"]
[Black "Murariu, Andrei"]
[Result "0-1"]
[WhiteElo "1996"]
[BlackElo "2513"]
[PlyCount "70"]
[EventDate "2014.07.10"]
[EventType "swiss"]
[EventRounds "9"]
[EventCountry "FRA"]
[SourceTitle "EXT 2015"]
[Source "ChessBase"]
[SourceDate "2014.11.20"]
[SourceVersion "1"]
[SourceVersionDate "2014.11.20"]
[SourceQuality "1"]

1. d4 Nf6 2. Nf3 b5 3. g3 e6 4. Bg2 Bb7 5. 0-0 c5 6. c3 Be7 7. Nbd2 Na6 8. Re1 cxd4 9. cxd4 0-0 10. e4 Nb4 11. a3 Nd3 12. Re3 Nxc1 13. Rxc1 a5 14. Ne5 Qb6 15. Nef3 Rfc8 16. Bf1 h6 17. Qe1 Rxc1 18. Qxc1 Rc8 19. Qb1 Ne8 20. Rc3 Rxc3 21. bxc3 Bxa3 22. Qxb5 Qxb5 23. Bxb5 Nd6 24. Bd3 Bb2 25. c4 f5 26. exf5 Nxf5 27. d5 a4 28. Ne4 a3 29. Bb1 exd5 30. Nc5 Bc6 31. Bxf5 a2 32. Nb3 dxc4 33. Nfd2 cxb3 34. Nxb3 Bd5 35. Bc2 Kh8 0-1

[Event "ROM-chT (Women)"]
[Site "Mamaia"]
[Date "2013.09.07"]
[Round "8.3"]
[White "Dragomirescu, Angela"]
[Black "Anusca, Madalina Maria"]
[Result "1-0"]
[WhiteElo "2242"]
[BlackElo "2042"]
[PlyCount "53"]
[EventDate "2013.08.31"]
[EventType "team-tourn"]
[EventRounds "9"]
[EventCountry "ROU"]
[SourceTitle "CBM 156 Extra"]
[Source "ChessBase"]
[SourceDate "2013.10.22"]
[SourceVersion "1"]
[SourceVersionDate "2013.10.22"]
[SourceQuality "1"]
[WhiteTeam "Timisoara Medicina (W)"]
[BlackTeam "Bucharest CSM (W)"]
[WhiteTeamCountry "ROU"]
[BlackTeamCountry "ROU"]

1. d4 e6 2. g3 c5 3. Nf3 Nf6 4. Bg2 Nc6 5. 0-0 d5 6. c4 dxc4 7. Qa4 Bd7 8. Qxc4 cxd4 9. Nxd4 Rc8 10. Nc3 Be7 11. Rd1 Nxd4 12. Qxd4 Bc5 13. Qh4 Qb6 14. g4 Bc6 15. Bxc6+ Qxc6 16. g5 Nd7 17. Ne4 0-0 18. Bd2 Be7 19. Bc3 f6 20. Rd3 f5 21. Ng3 Rf7 22. Nh5 Nf8 23. Rad1 Qb5 24. Qf4 Qc4 25. h4 g6 26. Qe5 Bf6 27. Nxf6+ 1-0

[Event "ROM-chT (Women)"]
[Site "Mamaia"]
[Date "2013.09.03"]
[Round "4.3"]
[White "Voicu Jagodzinsky, Carmen"]
[Black "Anusca, Madalina Maria"]
[Result "1-0"]
[WhiteElo "2296"]
[BlackElo "2042"]
[PlyCount "103"]
[EventDate "2013.08.31"]
[EventType "team-tourn"]
[EventRounds "9"]
[EventCountry "ROU"]
[SourceTitle "CBM 156 Extra"]
[Source "ChessBase"]
[SourceDate "2013.10.22"]
[SourceVersion "1"]
[SourceVersionDate "2013.10.22"]
[SourceQuality "1"]
[WhiteTeam "Timisoara Luxten (W)"]
[BlackTeam "Bucharest CSM (W)"]
[WhiteTeamCountry "ROU"]
[BlackTeamCountry "ROU"]

1. e4 c5 2. Nf3 e6 3. d4 cxd4 4. Nxd4 Nc6 5. Nc3 Qc7 6. Be3 a6 7. Bd3 Nf6 8. 0-0 Nxd4 9. Bxd4 Bc5 10. Bxc5 Qxc5 11. Kh1 0-0 12. Qe1 d6 13. f3 b5 14. Qh4 Bb7 15. Rae1 Rac8 16. a3 Rfd8 17. Re2 Qh5 18. Qg3 Ne8 19. f4 e5 20. Ref2 Rc7 21. fxe5 Qxe5 22. Qh4 Rdc8 23. Rf5 Qd4 24. Qh3 Rd8 25. Qf3 Rdd7 26. Nd5 Bxd5 27. exd5 Qxb2 28. Qe4 Rd8 29. c4 bxc4 30. R5f2 Qxf2 31. Qxh7+ Kf8 32. Rxf2 cxd3 33. Qxd3 Nf6 34. h3 a5 35. Qa6 Rc5 36. Qb6 Rcc8 37. Qxa5 Re8 38. Kh2 Rc5 39. Qa7 Rxd5 40. g4 Rde5 41. a4 R5e7 42. Qb6 Ne4 43. Rc2 Re6 44. a5 Ng5 45. a6 Nf3+ 46. Kg3 Ne1 47. Rc3 Re2 48. Qxd6+ Kg8 49. a7 g5 50. h4 Rg2+ 51. Kh3 gxh4 52. Qb8 1-0

[Event "Universiad (Women) 27th"]
[Site "Kazan"]
[Date "2013.07.15"]
[Round "9"]
[White "Djukic, Sandra"]
[Black "Anusca, Madalina Maria"]
[Result "1/2-1/2"]
[WhiteElo "2197"]
[BlackElo "2042"]
[PlyCount "60"]
[EventDate "2013.07.09"]
[EventType "swiss"]
[EventRounds "9"]
[EventCountry "RUS"]
[SourceTitle "EXT 2014"]
[Source "ChessBase"]
[SourceDate "2013.11.20"]
[SourceVersion "1"]
[SourceVersionDate "2013.11.20"]
[SourceQuality "1"]

1. g3 d5 2. Bg2 Nf6 3. Nf3 Bf5 4. d3 Nbd7 5. Nbd2 e5 6. 0-0 Bd6 7. h3 0-0 8. Nh4 Be6 9. e4 dxe4 10. dxe4 Nb6 11. Qe2 Qd7 12. Kh2 Rad8 13. Nhf3 h6 14. Re1 Qc6 15. c3 Rfe8 16. Bf1 a6 17. a3 Nfd7 18. c4 a5 19. b3 Bf8 20. Bb2 f6 21. Rad1 Nc5 22. Qe3 Bf7 23. Qc3 Ne6 24. Qc2 Bc5 25. Nb1 Rxd1 26. Rxd1 Bh5 27. Be2 Bg6 28. Bd3 Bh5 29. Be2 Bg6 30. Bd3 Bh5 1/2-1/2

[Event "Universiad (Women) 27th"]
[Site "Kazan"]
[Date "2013.07.14"]
[Round "8"]
[White "Anusca, Madalina Maria"]
[Black "Citra, Dewi Ardhiani Anast"]
[Result "1/2-1/2"]
[WhiteElo "2042"]
[BlackElo "2138"]
[PlyCount "68"]
[EventDate "2013.07.09"]
[EventType "swiss"]
[EventRounds "9"]
[EventCountry "RUS"]
[SourceTitle "EXT 2014"]
[Source "ChessBase"]
[SourceDate "2013.11.20"]
[SourceVersion "1"]
[SourceVersionDate "2013.11.20"]
[SourceQuality "1"]

1. c4 c5 2. Nf3 Nf6 3. g3 b6 4. Bg2 Bb7 5. Nc3 e6 6. d4 cxd4 7. Qxd4 Nc6 8. Qd1 Ne5 9. b3 Bb4 10. Bd2 Nxf3+ 11. exf3 d5 12. cxd5 Nxd5 13. Nxd5 Bxd2+ 14. Qxd2 Bxd5 15. 0-0 0-0 16. Rfd1 Qf6 17. f4 Bxg2 18. Kxg2 Rfd8 19. Qe2 h6 20. Rac1 Rxd1 21. Rxd1 Rd8 22. Rxd8+ Qxd8 23. Qc2 Qd5+ 24. Kg1 Qd7 25. Kg2 h5 26. h4 g6 27. Kg1 Qd4 28. Qe2 a5 29. a4 Kf8 30. Qc2 Ke7 31. Qc7+ Kf6 32. Qc2 Ke7 33. Qc7+ Kf6 34. Qc2 Ke7 1/2-1/2

[Event "Universiad (Women) 27th"]
[Site "Kazan"]
[Date "2013.07.14"]
[Round "7"]
[White "Heinatz, Maria"]
[Black "Anusca, Madalina Maria"]
[Result "0-1"]
[WhiteElo "1904"]
[BlackElo "2042"]
[PlyCount "108"]
[EventDate "2013.07.09"]
[EventType "swiss"]
[EventRounds "9"]
[EventCountry "RUS"]
[SourceTitle "EXT 2014"]
[Source "ChessBase"]
[SourceDate "2013.11.20"]
[SourceVersion "1"]
[SourceVersionDate "2013.11.20"]
[SourceQuality "1"]

1. e4 c6 2. d4 d5 3. exd5 cxd5 4. c4 Nf6 5. Nc3 Nc6 6. Be3 g6 7. Nf3 Bg7 8. Be2 0-0 9. 0-0 Bg4 10. c5 Ne4 11. Rc1 e6 12. a3 f5 13. h3 Bxf3 14. gxf3 Nxc3 15. bxc3 f4 16. Bd2 Rf5 17. Re1 Qh4 18. Bd3 Rg5+ 19. Kf1 e5 20. Qb3 exd4 21. Be4 Qxh3+ 22. Ke2 Qd7 23. Bxf4 Rh5 24. Bd6 Re8 25. Kd1 Kh8 26. Bxd5 Rxe1+ 27. Kxe1 Rh1+ 28. Kd2 dxc3+ 29. Rxc3 Bxc3+ 30. Qxc3+ Qg7 31. Qb3 Qd4+ 32. Ke2 Na5 33. Qb5 Qd1+ 34. Ke3 Re1+ 35. Kf4 Qxd5 36. Qxa5 Qf5+ 37. Kg3 Qg5+ 38. Kh2 Qh4+ 39. Kg2 Qh1+ 40. Kg3 Rg1+ 41. Kf4 Qh4+ 42. Ke3 Qf6 43. f4 Qe6+ 44. Be5+ Kg8 45. Qd8+ Kf7 46. Qh8 Qb3+ 47. Bc3 Re1+ 48. Kd3 Qb5+ 49. Kd4 Qd7+ 50. Kc4 Re4+ 51. Kb3 Qa4+ 52. Ka2 Re2+ 53. Bb2 Qc4+ 54. Ka1 Re1+ 0-1

[Event "Universiad (Women) 27th"]
[Site "Kazan"]
[Date "2013.07.12"]
[Round "5"]
[White "Kulovana, Eva"]
[Black "Anusca, Madalina Maria"]
[Result "1-0"]
[WhiteElo "2272"]
[BlackElo "2042"]
[PlyCount "51"]
[EventDate "2013.07.09"]
[EventType "swiss"]
[EventRounds "9"]
[EventCountry "RUS"]
[SourceTitle "EXT 2014"]
[Source "ChessBase"]
[SourceDate "2013.11.20"]
[SourceVersion "1"]
[SourceVersionDate "2013.11.20"]
[SourceQuality "1"]

1. e4 c5 2. Nf3 Nc6 3. d4 cxd4 4. Nxd4 g6 5. c4 Nf6 6. Nc3 Nxd4 7. Qxd4 d6 8. Be2 Bg7 9. Be3 0-0 10. Qd2 Be6 11. f3 Qa5 12. Rc1 Rfc8 13. b3 a6 14. Na4 Qxd2+ 15. Kxd2 Nd7 16. g4 f5 17. gxf5 gxf5 18. Rhg1 Kh8 19. Nc3 fxe4 20. fxe4 Nc5 21. Rxg7 Kxg7 22. Rg1+ Kf8 23. Bh5 Bf7 24. Rf1 Ke8 25. Rxf7 Kd8 26. Bg5 1-0

[Event "Universiad (Women) 27th"]
[Site "Kazan"]
[Date "2013.07.10"]
[Round "2"]
[White "Arbona Avila, Zaily M"]
[Black "Anusca, Madalina Maria"]
[Result "0-1"]
[WhiteElo "1540"]
[BlackElo "2042"]
[PlyCount "34"]
[EventDate "2013.07.09"]
[EventType "swiss"]
[EventRounds "9"]
[EventCountry "RUS"]
[SourceTitle "EXT 2014"]
[Source "ChessBase"]
[SourceDate "2013.11.20"]
[SourceVersion "1"]
[SourceVersionDate "2013.11.20"]
[SourceQuality "1"]

1. e4 c5 2. Nf3 Nc6 3. d4 cxd4 4. Nxd4 g6 5. Nc3 Bg7 6. Be3 Nf6 7. Be2 0-0 8. Qd2 d6 9. f3 Qa5 10. 0-0-0 Bd7 11. g4 Rfc8 12. h4 h5 13. Rdg1 Nb4 14. Ncb5 Bxb5 15. Bxb5 e5 16. Bd3 exd4 17. Bxd4 Nxa2+ 0-1

[Event "ROM-ch (Women)"]
[Site "Baile Olanesti"]
[Date "2013.02.23"]
[Round "8"]
[White "Anusca, Madalina Maria"]
[Black "Didiliuc, Dariana Gabriela"]
[Result "1-0"]
[WhiteElo "2070"]
[BlackElo "1573"]
[PlyCount "95"]
[EventDate "2013.02.16"]
[EventType "swiss"]
[EventRounds "9"]
[EventCountry "ROU"]
[SourceTitle "CBM 153 Extra"]
[Source "ChessBase"]
[SourceDate "2013.04.22"]
[SourceVersion "1"]
[SourceVersionDate "2013.04.22"]
[SourceQuality "1"]

1. d4 d5 2. Nf3 c6 3. Nbd2 Nf6 4. e3 e6 5. Bd3 Bd6 6. 0-0 0-0 7. Ne5 Nbd7 8. f4 Qc7 9. Rf3 b6 10. Rh3 g6 11. Qe1 Rd8 12. Qh4 Nf8 13. Nxc6 Qxc6 14. Qxf6 Qc7 15. Qh4 Be7 16. Qh6 Bf6 17. g4 Bg7 18. Qh4 f5 19. g5 Bb7 20. Nf3 Rac8 21. Bd2 a5 22. Qe1 Ra8 23. Qe2 Rdc8 24. Kf2 Qe7 25. Rg3 Nd7 26. h4 Kf7 27. Rh1 Rh8 28. h5 Bc6 29. Rgh3 Qd6 30. a3 Qc7 31. Qf1 Rad8 32. R1h2 Qb8 33. b4 axb4 34. Bxb4 Ba4 35. c4 Qc8 36. cxd5 exd5 37. Qh1 Bc6 38. Qb1 Nb8 39. Rh1 Rhg8 40. Nh4 Bd7 41. Be2 Nc6 42. hxg6+ hxg6 43. Nxg6 Rge8 44. Bh5 Kg8 45. Nh8 Nxb4 46. Bf7+ Kf8 47. Qxb4+ Re7 48. Ng6+ 1-0